Eurovision Song Lyrics - Georgia - Statistics

General Stats
  • This quiz has been taken 7 times
  • The average score is 247 of 367
Answer Stats
Answer % Correct
I
100%
in
100%
(In)
100%
Lock
100%
lock
100%
me
100%
(Circus
86%
down
86%
(Down)
86%
Mircus)
86%
On
86%
out
86%
(Out)
86%
the
86%
up
86%
(Up)
86%
sideways
71%
Take
71%
take
71%
to
71%
To
71%
you
71%
it
57%
all
43%
and
43%
break
43%
club
43%
could
43%
craft
43%
dance
43%
From
43%
got
43%
Make
43%
never
43%
now
43%
Now
43%
right
43%
Show
43%
show
43%
space
43%
'til
43%
what
43%
are
29%
counter
29%
done
29%
far
29%
Get
29%
get
29%
ground
29%
moon
29%
Shoot
29%
stars
29%
Step
29%
top
29%
we
29%
We
29%
will
29%
alright
14%
blow
14%
come
14%
hard
14%
hate
14%
Here
14%
here
14%
It's
14%
know
14%
Mama
14%
Mix
14%
not
14%
pal
14%
really
14%
said
14%
Tryin'
14%
Across
0%
No matching quizzes found
Score Distribution
Percent of People with Each Score
Percentile by Number Answered
Your Score History
You have not taken this quiz